<?xml version="1.0" encoding="UTF-8"?>
<collection xmlns="http://www.loc.gov/MARC21/slim">
 <record>
  <leader>01688nam a22002297a 4500</leader>
  <controlfield tag="001">NCT_4_019529</controlfield>
  <controlfield tag="008">250513b        xxu||||| |||| 00| 0 vie d</controlfield>
  <datafield tag="999" ind1=" " ind2=" ">
   <subfield code="c">8950</subfield>
   <subfield code="d">8950</subfield>
  </datafield>
  <datafield tag="020" ind1=" " ind2=" ">
   <subfield code="a">9786044844695</subfield>
   <subfield code="c">95000</subfield>
  </datafield>
  <datafield tag="082" ind1="0" ind2="4">
   <subfield code="2">23rd ed.</subfield>
   <subfield code="a">305.895</subfield>
   <subfield code="b">D561</subfield>
  </datafield>
  <datafield tag="100" ind1="1" ind2=" ">
   <subfield code="a">Phạm Đức Dương</subfield>
  </datafield>
  <datafield tag="245" ind1="1" ind2="0">
   <subfield code="a">Có một vùng văn hóa Meskong =</subfield>
   <subfield code="b">Does a Mekong cutural area exits</subfield>
   <subfield code="c">Phạm Đức Dương</subfield>
  </datafield>
  <datafield tag="260" ind1=" " ind2=" ">
   <subfield code="a">H.</subfield>
   <subfield code="b">Tri thức ; Công ty Cổ phần Tri thức Văn hóa Sách Việt Nam</subfield>
   <subfield code="c">2024</subfield>
  </datafield>
  <datafield tag="300" ind1=" " ind2=" ">
   <subfield code="a">171 tr.</subfield>
   <subfield code="b">Minh họa</subfield>
   <subfield code="c">23cm</subfield>
  </datafield>
  <datafield tag="500" ind1=" " ind2=" ">
   <subfield code="a">ĐTTS ghi: Viện Hàn Lâm Khoa học xã hội Việt Nam. Viện Nghiên cứu Đông Nam Á</subfield>
  </datafield>
  <datafield tag="504" ind1=" " ind2=" ">
   <subfield code="a">Có tài liệu tham khảo</subfield>
  </datafield>
  <datafield tag="520" ind1="3" ind2=" ">
   <subfield code="a">Giới thiệu về vùng văn hoá Mê kông dưới sự tiếp cận liên ngành ngôn ngữ - dân tộc học; hệ sinh thái tự nhiên của dòng sông Mekong trong bối cảnh Đông Nam Á lục địa; cây lúa - nhân vật tiêu biểu cho văn hoá sông Mê kông; mô hình văn hoá lúa nước nguyên sơ của người Thay Lào ở đôi bờ Mê kông; thống nhất văn hoá trong đa dạng</subfield>
  </datafield>
  <datafield tag="653" ind1=" " ind2=" ">
   <subfield code="a">Quản trị DV Du lịch và Lữ hành</subfield>
  </datafield>
  <datafield tag="942" ind1=" " ind2=" ">
   <subfield code="2">ddc</subfield>
   <subfield code="c">BK</subfield>
  </datafield>
  <datafield tag="952" ind1=" " ind2=" ">
   <subfield code="0">0</subfield>
   <subfield code="1">0</subfield>
   <subfield code="2">ddc</subfield>
   <subfield code="4">0</subfield>
   <subfield code="6">305_895000000000000_D561</subfield>
   <subfield code="7">0</subfield>
   <subfield code="9">30692</subfield>
   <subfield code="a">000001</subfield>
   <subfield code="b">000001</subfield>
   <subfield code="d">2025-05-13</subfield>
   <subfield code="o">305.895 D561</subfield>
   <subfield code="p">MD.23775</subfield>
   <subfield code="r">2025-05-13</subfield>
   <subfield code="v">95000.00</subfield>
   <subfield code="w">2025-05-13</subfield>
   <subfield code="y">BK</subfield>
  </datafield>
  <datafield tag="952" ind1=" " ind2=" ">
   <subfield code="0">0</subfield>
   <subfield code="1">0</subfield>
   <subfield code="2">ddc</subfield>
   <subfield code="4">0</subfield>
   <subfield code="6">305_895000000000000_D561</subfield>
   <subfield code="7">0</subfield>
   <subfield code="9">30693</subfield>
   <subfield code="a">000001</subfield>
   <subfield code="b">000001</subfield>
   <subfield code="d">2025-05-13</subfield>
   <subfield code="o">305.895 D561</subfield>
   <subfield code="p">MD.23776</subfield>
   <subfield code="r">2025-05-13</subfield>
   <subfield code="v">95000.00</subfield>
   <subfield code="w">2025-05-13</subfield>
   <subfield code="y">BK</subfield>
  </datafield>
  <datafield tag="980" ind1=" " ind2=" ">
   <subfield code="a">Thư viện Trường Đại học Nam Cần Thơ</subfield>
  </datafield>
 </record>
</collection>
